000 00763nam a2200217Ii 4500
003 JO-AjNU
008 230605s9999||||xx |||||||||||||| ||und||
017 _a2001/3769
020 _a977-01-7725-3
040 _aJO-AjNU
_bara
_erda
_cJO-AjNU
041 _aara
050 1 4 _aPJ7858.A33.A16 2003
100 3 _aتأليف القعيد، يوسف,
_eauthor
_936682
245 0 0 _aلبن العصفور: أربع وعشرون ساعة فقط، الجزء التاسع
264 3 1 _aالقاهرة:مكتبة الأسرة،2003 ؛ مهرجان القراءة للجميع 2003
300 _aج9، 627ص
336 _atext
_btxt
_2rdacontent
337 _aunmediated
_bn
_2rdamedia
338 _avolume
_bnc
_2rdacarrier
650 4 _aالأدب العربي
_936683
999 _aA15262
_c18830
_d18830